Central Library OPAC University of Rajshahi

في الأدب والنقد ;; fī al-adab wa-al-naqd / (Record no. 78718)

MARC details
000 -LEADER
fixed length control field 00962nam a2200265 a 4500
001 - CONTROL NUMBER
control field 78718
003 - CONTROL NUMBER IDENTIFIER
rucl marc code BD-RjUL
005 - DATE AND TIME OF LATEST TRANSACTION
control field 20211209083151.0
008 - FIXED-LENGTH DATA ELEMENTS--GENERAL INFORMATION
fixed length control field 211108s2007 ua b f000 0 arar
020 ## - INTERNATIONAL STANDARD BOOK NUMBER
International Standard Book Number 9774197569
035 ## - SYSTEM CONTROL NUMBER
System control number (BD-RjUL) 78944
040 ## - CATALOGING SOURCE
Original cataloging agency STF
Transcribing agency STF
Language of cataloging ara
041 ## - LANGUAGE CODE
Language code of text/sound track or separate title ara
082 ## - DEWEY DECIMAL CLASSIFICATION NUMBER
Edition number 23
Classification number 892.710297
Author mark and year FAF 2007
100 1# - MAIN ENTRY--PERSONAL NAME
Personal name فريد, ماهر شفيق.;; Farid, Maher Shafiq
Dates associated with a name 1910-2005
9 (RLIN) 249539
245 10 - TITLE STATEMENT
Title في الأدب والنقد ;; fī al-adab wa-al-naqd /
Statement of responsibility, etc. ماهر شفيق فريد ;; Maher Shafiq Farid
260 ## - PUBLICATION, DISTRIBUTION, ETC. (IMPRINT)
Name of publisher, distributor, etc. دار المعارف،
Date of publication, distribution, etc. 1999
Place of publication, distribution, etc. Qahira
300 ## - PHYSICAL DESCRIPTION
Pagination 530 p. ;
Size 22 cm.
504 ## - BIBLIOGRAPHY, ETC. NOTE
Bibliography, etc Includes bibliographical references.
650 #0 - SUBJECT ADDED ENTRY--TOPICAL TERM
Topical term or geographic name as entry element Arabic poetry
General subdivision Religious aspects
-- Islam.
9 (RLIN) 249540
Topical term or geographic name as entry element Arabic literature
General subdivision Religious aspects
-- Islam.
9 (RLIN) 249541
Topical term or geographic name as entry element Criticism
General subdivision Religious aspects
-- Islam.
9 (RLIN) 249542
Topical term or geographic name as entry element Arabic literature
General subdivision History and criticism.
9 (RLIN) 249543
942 ## - ADDED ENTRY ELEMENTS (KOHA)
Source of classification or shelving scheme Dewey Decimal Classification
Koha item type Books
Holdings
Lost status Source of classification or shelving scheme Damaged status Not for loan Collection code Permanent Location Current Location Shelving location Date acquired Source of acquisition Cost, normal purchase price Total Checkouts Full call number Date last seen Copy number Koha item type
  Dewey Decimal Classification   Not For Loan Non-fiction Central Library, University of Rajshahi Central Library, University of Rajshahi Reading Room 28/03/2011 Paragon 11.60   A 892.710297 FAF 2007 08/11/2021 C-1 Books